| 000 | 00639nam a2200193 a 4500 | ||
|---|---|---|---|
| 001 | 000042753 | ||
| 005 | 20201002040355.0 | ||
| 008 | 140206s1982 sp 000 0 spa d | ||
| 020 | _a8485501454 | ||
| 040 |
_aDO-SdBNP _bspa _cBNPHU |
||
| 082 |
_axxxxxxx _bxxxxxxx |
||
| 100 | 1 |
_aRamoneda, Josep _970078 |
|
| 245 | 1 | 0 |
_aConocimiento, Memoria, Invención / _cJosep Ramoneda, Xavier Rubert de Ventós, Eugenio Trías ; prólogo Jordi Llovet. |
| 260 |
_aEspaña : _bMuchnik, _c1982. |
||
| 300 |
_a142 p. ; _c22 cm. |
||
| 700 | 1 |
_aRubert Ventós, Xavier de _970079 |
|
| 700 | 1 |
_aTrías, Eugenio _961659 |
|
| 700 | 1 |
_aLlovet, Jordi _epról. _970080 |
|
| 999 |
_c42242 _d42242 |
||